000 00643nam a2200241Ia 4500
003 OSt
005 20220918174011.0
006 a|||||r|||| 00| 0
007 ta
008 220917b |||||||| |||| 00| 0 eng d
024 _a9,719
037 _cTextual
040 _aARTS
_cARTS
_beng
041 _2eng
_aeng
082 _a2b:3:N3, G9;1 (2D)
100 _aMccolvin Lionel R
_943937
245 0 _aLibrary staffs
260 _c1939
490 _aPractical library handbooks ed by W E Doubleday; 8
650 _aLIBRARY SCIENCE
942 _h2b:3:N3, G9;1 (2D)
_cTEXL
_2CC
999 _c151356
_d151356